| 000 | 01054nam a22002537a 4500 | ||
|---|---|---|---|
| 003 | 0 | ||
| 005 | 20250822140451.0 | ||
| 008 | 250822b xxu||||| |||| 00| 0 eng d | ||
| 020 | _a978-1-382-04401-1 | ||
| 050 |
_aTR IB GE 105 _b.R88 2024 |
||
| 100 |
_aRutherford, Gillian, _eauthor. |
||
| 245 |
_aEnvironmental systems and societies : _bcourse companion / _cGillian Rutherford & Gillian Williams. |
||
| 250 | _a2024 edition. | ||
| 260 |
_aOxford, United Kingdom : _bOxford University Press, _c2024. |
||
| 300 |
_axi, 781 pages : _bcolor illustrations ; _c28 cm. |
||
| 500 | _aOxford Resources for IB Diploma Programme. | ||
| 504 | _aIncludes bibliographical references and index. | ||
| 650 |
_aEnvironmental sciences _vStudy and teaching (Secondary) _vTextbooks. |
||
| 650 |
_aHuman ecology _vStudy and teaching (Secondary) _vTextbooks. |
||
| 650 |
_aSustainable development _vStudy and teaching (Secondary) _vTextbooks. |
||
| 650 |
_aInternational Baccalaureate _vTextbooks. |
||
| 700 |
_aWilliams, Gillian, _eauthor. |
||
| 942 |
_2lcc _cBK |
||
| 999 |
_c367575 _d367575 |
||